000 00516nam a2200181 4500
001 125961
003 ES-MaACL
005 20250801063036.0
007 t|
008 070214s1919 fr r ||||1| fre d
100 1 _aRégnier, Henri de,
_d1864-1936
_995907
245 1 3 _aLe passé vivant
_b: roman moderne /
_cHenri de Régnier.
250 _a18ème éd.
260 _aParis :
_bMercure de France,
_c1919.
300 _a363 p. ;
_c19 x 12 cm.
852 _aES-MaACL
_jG-8529
999 _c125961
_d125961